<?xml version="1.0" encoding="UTF-8"?>
<collection xmlns="http://www.loc.gov/MARC21/slim">
 <record>
  <leader>01185pamaa2200241   4500</leader>
  <controlfield tag="001">0000047366</controlfield>
  <controlfield tag="005">20100623090000.0</controlfield>
  <controlfield tag="008">100623                             eng  </controlfield>
  <datafield tag="020" ind1="0" ind2="0">
   <subfield code="a">9781931498586 (pbk.) </subfield>
  </datafield>
  <datafield tag="090" ind1="0" ind2="0">
   <subfield code="a">HD75.6 </subfield>
   <subfield code="b">MEA 2004</subfield>
  </datafield>
  <datafield tag="100" ind1="1" ind2="0">
   <subfield code="a">Meadows </subfield>
  </datafield>
  <datafield tag="245" ind1="1" ind2="4">
   <subfield code="a">Limits to growth : </subfield>
   <subfield code="b">the 30-year update  </subfield>
   <subfield code="c">Donella Meadows, Jorgen Randers, and Dennis Meadows.</subfield>
  </datafield>
  <datafield tag="260" ind1="0" ind2="0">
   <subfield code="a">White River Junction, Vt: </subfield>
   <subfield code="b">Chelsea Green Publishing Company, </subfield>
   <subfield code="c">2004.</subfield>
  </datafield>
  <datafield tag="300" ind1=" " ind2=" ">
   <subfield code="a">xxii, 338 p.: </subfield>
   <subfield code="b">ill.; </subfield>
   <subfield code="c">24 cm.</subfield>
  </datafield>
  <datafield tag="504" ind1="0" ind2="0">
   <subfield code="a">Includes bibliographical references (p. 295-325) and index</subfield>
  </datafield>
  <datafield tag="505" ind1="0" ind2="0">
   <subfield code="a">Overshoot -- The driving force: exponential growth -- The limits: sources and sinks -- World3: the dynamics of growth in a finite world -- Back from beyond the limits: the ozone story -- Technology, markets, and overshoot -- Transitions to a sustainable system -- Tools for the transition to sustainability</subfield>
  </datafield>
  <datafield tag="650" ind1="0" ind2="0">
   <subfield code="a">Sustainable development </subfield>
  </datafield>
  <datafield tag="650" ind1="0" ind2="0">
   <subfield code="a">Economic development -- </subfield>
   <subfield code="x">Environmental aspects </subfield>
  </datafield>
  <datafield tag="650" ind1="0" ind2="0">
   <subfield code="a">Population -- </subfield>
   <subfield code="x">Economic aspects </subfield>
  </datafield>
  <datafield tag="650" ind1="0" ind2="0">
   <subfield code="a">Pollution -- </subfield>
   <subfield code="x">Economic aspects </subfield>
  </datafield>
  <datafield tag="700" ind1="1" ind2="1">
   <subfield code="a">Randers, </subfield>
   <subfield code="h">Jorgen </subfield>
  </datafield>
  <datafield tag="700" ind1="1" ind2="1">
   <subfield code="a">Meadows, </subfield>
   <subfield code="h">Dennis L. </subfield>
  </datafield>
  <datafield tag="901" ind1=" " ind2=" ">
   <subfield code="u">www.cheseagreen.com</subfield>
  </datafield>
 </record>
</collection>
